Представление документа в формате RUSMARC

ПолеНазваниеЗначение
  Тип записи a
  Библиографический уровень m
001 Контрольный номер RU/SLIB/B/208742482
005 Дата корректировки 20201206204100.7
010 Индекс ISBN __
d Цена 442-00
101 Язык документа __
a Язык текста rus
200 Заглавие и сведения об ответственности __
a Заглавие Легавые
f Первые сведения об ответственности сост. Е.А. Калганов
b Общее обозначение материала Текст
205 Сведения об издании __
b Дополнительные сведения об издании Репр. изд. 1896 г.
210 Выходные данные __
a Место издания М.
c Издательство ТЕРРА
d Дата издания 1993
215 Физическое описание __
a Объем 492 с.
461 Уровень набора __
1 2001
a Собаки охотничьи ...
v Кн. 1
606 Тематические рубрики __
a Основная рубрика Собаки
606 Тематические рубрики __
a Основная рубрика Охота
610 Ключевые слова __
a Ключевые слова охотничьи собаки; легавые
686 Индексы других классификаций __
a Классификационный индекс 46.73-61; ст46.73
700 Автор __
a Фамилия Сабанеев
b Имя Л. П.
4 Код отношения 070
801 Источник записи _0
a Страна RU
b Организация Муниципальное бюджетное учреждение культуры "Централизованная библиотечная система" г. Сургут (Центральная городская библиотека им. А. С. Пушкина)
801 Источник записи _1
a Страна RU
b Организация Муниципальное бюджетное учреждение культуры "Централизованная библиотечная система" г. Сургут (Центральная городская библиотека им. А. С. Пушкина)
852 Данные о местонахождении __
j Шифр хранения 46.73-61
c Каталожный индекс 46.73
i Авторский знак С 12
p Инвентарный номер 48025
901 Тип документа __
t Тип документа m
990 Данные о заказе (DOS) __
j Количество экземпляров (DOS) 2